header

The Morisco issue (Record no. 86361)

MARC details
000 -LEADER
fixed length control field 02052nam a2200481 a 4500
245 04 - TITLE STATEMENT
Title The Morisco issue
260 ## - PUBLICATION, DISTRIBUTION, ETC. (IMPRINT)
Place of publication Leiden :
Name of publisher Brill,
Year of publication 2012.
300 ## - PHYSICAL DESCRIPTION
Number of Pages xxii, 278 p. :
Other physical details maps.
490 1# - SERIES STATEMENT
Series statement Studies in medieval and Reformation traditions,
Series statement Converso and Morisco studies ;
Series statement The Conversos and Moriscos in late medieval Spain and beyond ;
500 ## - GENERAL NOTE
General note Conference papers.
650 #0 - SUBJECT ADDED ENTRY--TOPICAL TERM
Topical Term Moriscos
Topical Term Marranos
Topical Term Conversion
Topical Term Religious tolerance
Topical Term Christianity
Topical Term Nationalism
700 1# - ADDED ENTRY--PERSONAL NAME
Personal name Ingram, Kevin,
856 40 - ELECTRONIC LOCATION AND ACCESS
Uniform Resource Identifier http://site.ebrary.com/lib/rucke/Doc?id=10578511

No items available.

© 2026 Rongo University
Contact us: librarian | system librarian | Rongo university